1316 1231 1474 1606 1083 1046 1302 1021 1469 1389 1342 1643 1934 1186 1612 1935 1459 1239 1025 1553 1146 1142 1250 1390 1783 1920 1653 1011 1880 1170 1121 1420 1270 1514 1504 1405 1666 1100 1712 1635 1270 1619 1116 1511 1828 1487 1787 1529 1566 1352 1109 1722 1304 1691 1312 1509 1880 1506 1759 1993 1699 1534 1386 1541 1105 1023 1650 1990 1567 1970 1005 1462 1607 1882 1986 1952 1353 1168 1548 1693 1603 1869 1461 1206 1537 1907 1655 1427 1336 1627 1182 1005 1064 1275 1884 1266 1684 1739 1992 BCNSPRNW ULIB Ver.6.0+V

เปลี่ยนเป็นภาษาไทย

Change to English
 แสดงรายละเอียดบรรณานุกรม
  กลับหน้าหลัก

Brief Record : Get Marc (ISO 2709) : E-mail record : QR code < ปิดหน้าต่าง
LEADER : 00000nam 2200000uu 4500
001    13399114356
003     ULIB
008    110627s||||||||th 000 0 tha d
020    9748327754
090    นว.^bค949ส ล.6
100 0  หวัง ซุก หยัง
245 00 สามก๊ก 6 ตอน เทพสงครามสิ้นชื่อ/^cหวัง ซุก หยัง
250    พิมพ์ครั้งที่ 1
260    กรุงเทพฯ :^bนานมีบุ๊คส์,^c2551
300    176 หน้า
710 1  นานมีบุ๊คส์
945    ^p158^l0^i024706
995    ทศพร
999 ^a ใช้งานได้ทุกระบบ
รายการนี้ยังไม่มีแท็ก
คุณยังไม่ได้ล็อกอิน คุณสามารถมีกิจกรรมร่วมกับเว็บไซต์ได้ แต่ต้องล็อกอินก่อน ::
  ล็อกอิน

รายการสื่อสารสนเทศ

ลำดับที่ ประเภท เลขเรียก/บาร์โค้ด สถานที่ สถานะ
1. นวนิยาย
นวนิยาย
นว. ค949ส ล.6 ฉ.1 
  Barcode: 024706
ห้องสมุดวิทยาเขตสวรรค์ประชารักษ์
►นวนิยาย
บนชั้น
  ขอยืม

รายการใกล้เคียง
    ผู้แต่ง [หวัง ซุก หยัง]

BibComment


ยังไม่เคยถูกคอมเมนท์

คอมเมนท์ทรัพยากรรายการนี้
  คอมเมนท์: สามก๊ก 6 ตอน เทพ..


 Copyright 2026. Bcnsprnw @Library